| 000 | 01032cam a2200301 4500 | ||
|---|---|---|---|
| 001 | 21373 | ||
| 003 | BD-RjUL | ||
| 005 | 20211209000658.0 | ||
| 008 | 140223s1973 ilua be 001 0 eng | ||
| 020 | _a0852291736 | ||
| 035 | _a(OCoLC)ocm00564127 | ||
| 035 | _a(BD-RjUL)21437 | ||
| 040 |
_aDLC _cDLC _dOCL _dZCU _dBD-RjUL _beng |
||
| 041 | _aeng | ||
| 082 |
_a032 _bENC 1973 |
||
| 245 | 0 | 0 |
_aEncyclopaedia Britannica / _cWarren E. Preece...[et al.], ed. _nVolume 2 : _pANT TO BALFE |
| 260 |
_aChicago, _bEncyclopaedia Britannica _cc1973. |
||
| 300 |
_a1068 p. : _bill.; _c29 cm. |
||
| 500 | _a"First Published in 1768 by a Society of Gentlemen in Scotland " | ||
| 500 | _aVol. [24]: Index and atlas. | ||
| 500 | _aThe fifteenth ed. (1974) published under title: The New encyclopaedia Britannica. | ||
| 504 | _aIncludes bibliographies. | ||
| 650 | 0 |
_aEncyclopedias and dictionaries. _958517 |
|
| 700 |
_a Preece, Warren E. ...[et al.], ed. _958545 |
||
| 942 |
_2ddc _cREF |
||
| 999 |
_c21373 _d21373 |
||